| 000 | 00691nas a2200241 4500 | ||
|---|---|---|---|
| 001 | BR9102999 | ||
| 003 | BR-BrBNA | ||
| 005 | 20231205092037.0 | ||
| 007 | ta | ||
| 008 | 230509b bl.|||p| |||| 00| 00por d | ||
| 040 |
_aBR-BrBNA _bpor _cBiblioteca Nacional de Agricultura |
||
| 041 | _a(Pt) | ||
| 072 | _aE70 | ||
| 100 | 1 | _aCorrea, G.M. | |
| 245 | 1 | _aUma estrategia para o produtor [pesquisa de mercado] | |
| 650 | _aPESQUISA DE MERCADO | ||
| 650 | _aABASTECIMENTO | ||
| 650 | _aVENDA | ||
| 650 | _aLAVRAS | ||
| 773 | 0 |
_tAgricultura de Hoje (Brazil) _xISSN 0100-5707 _g(Dec 1985), v. 10(111) p. 42-43 _wBR9102999 |
|
| 909 |
_a202311 _bLúcia _c55 _dLúcia Elande |
||
| 942 |
_2AGRIS _n0 _cANA |
||
| 999 |
_c128892 _d128892 |
||